MARC details
| 000 -BAŞLIK |
| Sabit Uzunlukta Kontrol Alanı |
01488na a2200397 4500 |
| 001 - KONTROL NUMARASI |
| Denetim Alanı |
22219 |
| 003 - KONTROL NUMARASI IDENTIFIER |
| Denetim Alanı |
MIRAKIL |
| 005 - SON İŞLEM TARİHİ VE ZAMANI |
| Denetim Alanı |
20181226092843.0 |
| 008 - SABİT-BOY VERİ ELEMANLARI - GENEL BİLGİLER |
| Sabit Uzunlukta Kontrol Alanı |
170214b tu n0 0 0 |
| 022 ## - ULUSLARARASI STANDART SERİ NUMARASI |
| Uluslararası Standart Süreli Yayın Numarası |
0041-4255 |
| 035 ## - SİSTEM KONTROL NUMARASI |
| Sistem Kontrol Numarası |
20919 |
| 040 ## - KATALOGLAMA KAYNAK |
| Orijinal Kataloglama Ajansı |
Milas |
| Kataloglama Dili |
tur |
| Metne Dönüştürmek Ajansı |
TR-AnCHP |
| 041 ## - DİL KODU |
| Metin / Ses Parça Veya Ayrı Başlığın Dil Kodu |
tur |
| 090 ## - SINIFLAMA NUMARASI |
| Sınıflama Numarası |
ATA 050 DER 132 |
| 222 ## - ANAHTAR ADI |
| Anahtar Başlık |
Belleten |
| Hak Kazanma Bilgisi |
Türk Tarih Kurumu |
| 245 ## - BAŞLIK TABLOSU |
| Başlık |
Belleten |
| Sorumluluk Tablosu, Vb |
[yayınlayan] Türk Tarih Kurumu |
| 246 ## - UNVAN FORM VARYING |
| Başlık Doğru / Kısa Başlığı |
Atatürk özel sayısı Belleten |
| 246 ## - UNVAN FORM VARYING |
| Başlık Doğru / Kısa Başlığı |
Türk Tarih Kurumu dergisi |
| 260 ## - YAYIN, DAĞITIM, VB |
| Yayın, Dağıtım, Vb Yeri |
Ankara |
| Yayıncı, Dağıtıcı, Vs Adı |
Türk Tarih Kurumu Basımevi |
| Yayın, Dağıtım, Vb Tarihi |
1937- |
| 300 ## - FİZİKSEL TANIM |
| Kapsam |
c. |
| Boyutlar |
24 sm. |
| 362 ## - YAYIN VE / VEYA SIRALI GÖREVLENDİRİLMESİNE TARİHLERİ |
| Yayın Ve / Veya Ardışık Kullanım Amacı Tarihleri |
cilt 52, sayı 204 (Kasım 1988)- |
| 500 ## - GENEL NOT |
| Genel Not |
Niteleme cilt 52, sayı 204 (Kasım 1988)'e dayalıdır. |
| 500 ## - GENEL NOT |
| Genel Not |
Kütüphanemizde cilt 52, sayı 204 (Kasım 1988)- bulunmaktadır. |
| 500 ## - GENEL NOT |
| Genel Not |
Mevcut sayılar: (c.36, s.141-144) 1972; (c.37, s.146) 1973; (c.52, s.204) 1988; (c.55, s.212-214) 1991; (c.56, s.215-216) 1992; (c.57, s.220) 1993 |
| 600 ## - KONU KATMA GİRİŞ - KURUMSAL ADI |
| Kişisel Ad |
Atatürk, Mustafa Kemal |
| Başlıklar Ve Bir Adla İlişkili Diğer Kelimeler |
Gazi |
| Bir Adıyla İlişkilendirilen Tarihler |
1881-1938 |
| Form Alt Bölümü |
Süreli yayınlar |
| 650 ## - KONU KATMA GİRİŞ - TOPİKAL DÖNEM |
| Topikal Süreli Veya Coğrafi Ad Giriş Elemanı |
Tarih |
| Form Alt Bölümü |
Süreli yayınlar |
| Coğrafi Alt Bölümü |
Türkiye |
| 651 ## - KONU KATMA GİRİŞ - COĞRAFİ ADI |
| Coğrafi İsim |
Türkiye |
| Form Alt Bölümü |
Süreli yayınlar |
| Genel Alt Bölümü |
Tarih |
| 710 ## - KATMA GİRİŞ - KURUMSAL ADI |
| Giriş Elemanı Olarak Kurumsal Ad Veya Yargı Alanı Adı |
Türk Tarih Kurumu |
| Bir Çalışmanın Adı |
Belleten dergisi |
| 740 ## - KATMA GİRİŞ - KONTROLSUZ İLGİLİ / ANALİTİK BAŞLIK |
| Kontrol Edilmeyen / İlgili Analitik Başlıktaki |
Dizin kitabı ayrıyeten var. |
| 740 ## - KATMA GİRİŞ - KONTROLSUZ İLGİLİ / ANALİTİK BAŞLIK |
| Kontrol Edilmeyen / İlgili Analitik Başlıktaki |
Atatürk özel sayısı |
| 910 ## - KULLANICI SEÇENEK, VERİLERİN (OCLC) |
| Kullanıcı Seçenek Veri |
DERGİ 132 |
| 942 ## - EKLENDİ GİRİŞ ELEMANLARI (KOHA) |
| Sınıflandırma Veya Raf Düzeni Kaynak |
Dewey Decimal Classification |
| Koha Öğesi Türü |
Serials |
| 999 ## - SİSTEM KONTROL NUMARALARI (KOHA) |
| Koha Biblionumber |
11384 |
| Koha Biblioitemnumber |
11384 |
| 310 ## - MEVCUT YAYIN FREKANSI |
| Güncel Yayın Frekansı |
yılda üç kez |
| 655 ## - INDEX DÖNEM - TÜR / FORMU |
| -- |
Dergi |